10 najbogatszych krajów w Afryce - Statystyki

Ogólne statystyki
  • Ten quiz został rozwiązany 284 razy
  • Średni wynik to 7 z 10
Statystyki odpowiedzi
PKB w $ kraj % Poprawnych
263 M $ Egipt
97%
346 M $ Republika Południowej Afryki
97%
119 M $ Maroko
87%
263 M $ Algieria
85%
463 M $ Nigeria
83%
91 M $ Kenia
66%
91 M $ Etiopia
59%
91 M $ Tanzania
52%
91 M $ Angola
51%
91 M $ Ghana
45%
Nie znaleziono quizów pasujących do podanych kryteriów
Rozkład punktacji
Procent ludzi z każdym wynikiem
Percentyl według liczby udzielonych odpowiedzi
Twoja historia wyników
Nie rozwiązałeś tego quizu